| 000 | 00458nam a22001697a 4500 | ||
|---|---|---|---|
| 005 | 20160521125822.0 | ||
| 008 | 160521b xxu||||| |||| 00| 0 eng d | ||
| 020 | _a0-07-058195-9 | ||
| 041 | _aeng | ||
| 082 | _b3810 | ||
| 100 |
_aChase, Richard B. Jacobs, F. Robert Aquleno, N. Cholas J. _9966 |
||
| 245 | _aOperation Management for Comeptitive Advantage | ||
| 260 |
_aNew Delhi _bTMH, _c1973 |
||
| 300 | _a735 | ||
| 650 |
_aManagement _9241 |
||
| 942 | _cBK | ||
| 999 |
_c1317 _d1317 |
||